000 00314nam a2200133Ia 4500
005 20251222154357.0
008 251222s9999||||xx |||||||||||||| ||spa||
020 _a84-663-0802-4
082 _a838.94/M22J
100 _aMann, Thomas
245 0 _aJosé y sus Hermanos:
264 _bSuma de Letras
942 _cLIB
999 _c35145
_d35145